000 00993nam a2200277 a 4500
001 000014339
005 20200929163559.0
008 091209s2000 sp a 000 0 spa d
020 _a8495501708
040 _aDO-SdBNP
_bspa
_cBNPHU
041 1 7 _aspa
_heng
_2Código de idioma MARC
082 _a940.3
_bL419s
100 1 _aLawrence de Arabia, T. E.,
_d1888-1935
_932354
240 1 4 _aThe seven pillars of wisdom.
_lEspañol
245 1 4 _aLos siete pilares de la sabiduría /
_cT. E. Lawrence de Arabia ; traducción de Alberto Cardín.
260 _a[Madrid] :
_bSuma de Letras,
_c2000.
300 _a918, [9] p. :
_bil. ;
_c18 cm.
490 1 _aPunto de lectura
_v35
534 _pTítulo original en inglés:
_tThe seven pillars of wisdom
610 1 0 _aLAWRENCE DE ARABIA, T. E.,
_d1888-1935
_vBIOGRAFÍA
_932355
650 4 _aGuerra mundial i,
_y1914-1918
_932356
700 1 _aCardín, Alberto,
_etr.
_932357
830 0 _aPunto de lectura ;
_v35
_93047
910 _aWM
049 _aBNGR
999 _c13931
_d13931